000 00901nam a2200337 a 4500
003 AR-BaBNM
005 20251128210505.0
008 082120s2002 ||||||||||||||000 | spa||
020 _a84-493-0042-8
040 _cAR-BaBNM
100 1 _aRoss, Werner
245 0 0 _aFriedrich Nietzsche
_bel águila angustiada
250 _a1ª ed.
260 _aBarcelona
_bEdiciones Paidós Ibérica
_c1994
300 _a865 p.
_bláms.
490 0 _aTestimonios
_vv. 16
500 _aContiene referencias bibliográficas
500 _aIndice de nombres
650 4 _aFILOSOFIA CONTEMPORANEA
650 4 _aBIOGRAFIAS
650 4 _aFILOSOFOS
650 4 _aSIGLO DIECINUEVE
650 4 _aMEDIO CULTURAL
651 4 _aAlemania
653 _aFILOSOFIA MODERNA
653 _aCRITICA FILOSOFICA
655 _aBIOGRAFIAS
700 1 _aHervás, Ramón
_etraductor
942 _cBK
998 _cMARTIN
999 _c15661
_d15661